Normal view
MARC view
- by Samra Khalid-sup-Dr. Rumeza Hanif
Entry Personal Name
001 - CONTROL NUMBER
- control field: 13965
003 - CONTROL NUMBER IDENTIFIER
- control field: NUST
005 - DATE AND TIME OF LATEST TRANSACTION
- control field: 20190326061416.0
008 - FIXED-LENGTH DATA ELEMENTS
- fixed length control field: 190326|| aca||aabn | a|a d
040 ## - CATALOGING SOURCE
- Original cataloging agency: NUST
- Transcribing agency: NUST
100 ## - HEADING--PERSONAL NAME
- Personal name: by Samra Khalid-sup-Dr. Rumeza Hanif
670 ## - SOURCE DATA FOUND
- Source citation: Work cat.: (NUST): by Samra Khalid-sup-Dr. Rumeza Hanif, Th-PhD-Identification and modeling of regulatory networks and development of anti-cancer drug-conjugated nanoparticles for breast cancer therapy , 2018.
